000 00637nam a2200217 i 4500
001 172464
003 ES-MaACL
005 20250721062645.0
008 090708s1992 sp |||| | spa d
017 _aM 9019-1992
020 _a84-7615-494-1
080 _a33(075.8)
100 0 _aMochón Morcillo, Francisco.
_981742
245 1 0 _aEconomía
_b: teoría y política /
_cFrancisco Mochón Morcillo.
250 _a2ª ed.
260 _aMadrid :
_bMcGraw-Hill,
_c[1992]
300 _aXXXI, 844 p. :
_bgráf. ;
_c24 cm.
650 0 7 _aEconomía
_2embne
_912006
852 _aES-MaACL
_jE-12776
_9R.143575
999 _c172464
_d172464